[Event "4NCL Division One"]
[Site "Daventry, ENG"]
[Date "2022.10.22"]
[Round "1.41"]
[White "Alsina Leal, Daniel"]
[Black "Chow, Samuel"]
[Result "1-0"]
[WhiteElo "2520"]
[BlackElo "2332"]
[PlyCount "77"]
[EventDate "2022.10.22"]
[WhiteTeam "Chessable White Rose 1"]
[BlackTeam "Chessable White Rose 2"]

1. e4 e6 2. d4 d5 3. e5 c5 4. c3 Nc6 5. Nf3 Qb6 6. Bd3 cxd4 7. O-O Bd7 8. Re1
Rc8 9. Nbd2 dxc3 10. bxc3 Na5 11. c4 dxc4 12. Bc2 Ne7 13. Ba3 Nd5 14. Bxf8 Kxf8
15. Ne4 Qd8 16. Nd6 Rc7 17. Nd4 Qe7 18. N4f5 exf5 19. Qxd5 Nc6 20. Bxf5 Be6 21.
Bxe6 Qxe6 22. Qc5 b6 23. Qa3 Ne7 24. Rad1 g6 25. Nb5 Rc5 26. Rd6 Qc8 27. Nd4 c3
28. Qc1 c2 29. h4 Kg7 30. h5 Re8 31. h6+ Kg8 32. e6 Nf5 33. Nxf5 Rxf5 34. e7
Qc5 35. Rd2 Re5 36. Rxe5 Qxe5 37. Rxc2 Rxe7 38. Rc8+ Re8 39. Qc3 1-0

[Event "4NCL Division One"]
[Site "Daventry, ENG"]
[Date "2022.10.22"]
[Round "1.42"]
[White "Wall, Tim P"]
[Black "Rowson, Jonathan"]
[Result "0-1"]
[WhiteElo "2290"]
[BlackElo "2546"]
[PlyCount "93"]
[EventDate "2022.10.22"]
[WhiteTeam "Chessable White Rose 2"]
[BlackTeam "Chessable White Rose 1"]

1. d4 Nf6 2. Nc3 d5 3. Bf4 g6 4. e3 Bg7 5. Nb5 Na6 6. h3 O-O 7. Nf3 c6 8. Nc3
Nc7 9. Be2 Ne6 10. Be5 b6 11. O-O Re8 12. a4 a5 13. Bd3 Bh6 14. Re1 Bb7 15. Qe2
Nd7 16. Bh2 Qc8 17. h4 Nf6 18. Ne5 c5 19. Bb5 Rd8 20. Rad1 Bf8 21. Qf3 Ng7 22.
g4 Qe6 23. Bf1 Ne4 24. Nb5 Rac8 25. c3 f6 26. Nd3 c4 27. Nf4 Qf7 28. Ne2 e6 29.
Bh3 Bc6 30. Ng3 f5 31. h5 Ng5 32. Qg2 Nxh3+ 33. Qxh3 fxg4 34. Qxg4 gxh5 35. Qh3
Bd7 36. Qg2 h6 37. e4 Kh7 38. exd5 exd5 39. Re5 Bxb5 40. axb5 Bd6 41. Re3 Rg8
42. Qf3 Qg6 43. Kh1 Rcf8 44. Qxd5 Rxf2 45. Rg1 Rxh2+ 46. Kxh2 h4 47. Kg2 0-1

[Event "4NCL Division One"]
[Site "Daventry, ENG"]
[Date "2022.10.22"]
[Round "1.43"]
[White "Emms, John M"]
[Black "Movileanu, Daniela"]
[Result "1/2-1/2"]
[WhiteElo "2472"]
[BlackElo "2170"]
[PlyCount "107"]
[EventDate "2022.10.22"]
[WhiteTeam "Chessable White Rose 1"]
[BlackTeam "Chessable White Rose 2"]

1. Nf3 c5 2. c4 Nc6 3. Nc3 g6 4. e3 Nf6 5. d4 cxd4 6. exd4 d5 7. cxd5 Nxd5 8.
Bc4 Nb6 9. Bb3 Bg7 10. O-O O-O 11. d5 Na5 12. h3 Nxb3 13. axb3 e6 14. d6 Bd7
15. Bg5 f6 16. Be3 Bc6 17. Bc5 e5 18. Qe2 Rf7 19. Nb5 Nd5 20. Nxa7 Nf4 21. Qd1
Be4 22. Be3 b6 23. Bxf4 exf4 24. Nb5 Rxa1 25. Qxa1 Bd3 26. Nfd4 Bxf1 27. Qxf1
Bf8 28. Qc4 Qd7 29. Ne6 Bxd6 30. Nxd6 Qxd6 31. Qc8+ Rf8 32. Nxf8 Qxf8 33. Qc4+
Qf7 34. Qxf4 Qxb3 35. Qxf6 b5 36. Qc3 Qd1+ 37. Kh2 Qd6+ 38. Qg3 Qd5 39. Qe3 g5
40. b4 Qd6+ 41. Qg3 Qxb4 42. Qxg5+ Kf7 43. Qf5+ Kg7 44. Qe5+ Kf7 45. f4 Qc4 46.
f5 b4 47. f6 b3 48. Qe7+ Kg6 49. Qg7+ Kf5 50. f7 Qc7+ 51. Kg1 Qc1+ 52. Kf2 Qd2+
53. Kg1 Qc1+ 54. Kf2 1/2-1/2

[Event "4NCL Division One"]
[Site "Daventry, ENG"]
[Date "2022.10.22"]
[Round "1.44"]
[White "Townsend, M Paul"]
[Black "Wells, Peter K"]
[Result "1/2-1/2"]
[WhiteElo "2145"]
[BlackElo "2373"]
[PlyCount "64"]
[EventDate "2022.10.22"]
[WhiteTeam "Chessable White Rose 2"]
[BlackTeam "Chessable White Rose 1"]

1. d4 Nf6 2. c4 e6 3. g3 d5 4. Nf3 Bb4+ 5. Bd2 Be7 6. Bg2 c6 7. Qc2 Nbd7 8. O-O
b6 9. Bf4 Ba6 10. cxd5 Nxd5 11. Nc3 O-O 12. Rfd1 Rc8 13. Ne5 Nxe5 14. Bxe5 Qd7
15. a3 Rfd8 16. e4 Nxc3 17. Qxc3 Be2 18. Rd2 Bh5 19. Bf4 Qe8 20. Bh3 Bf6 21. g4
Bg6 22. g5 Be7 23. Qe3 Bd6 24. Bxd6 Rxd6 25. Rc1 Qd8 26. b4 Rc7 27. Rcd1 Bh5
28. f3 Rcd7 29. Kf2 Qe7 30. Rc1 Qd8 31. Rcd1 Qe7 32. Rc1 Qd8 1/2-1/2

[Event "4NCL Division One"]
[Site "Daventry, ENG"]
[Date "2022.10.22"]
[Round "1.45"]
[White "Camacho Collados, Jose"]
[Black "Clarke, Connor"]
[Result "1/2-1/2"]
[WhiteElo "2408"]
[BlackElo "2095"]
[PlyCount "125"]
[EventDate "2022.10.22"]
[WhiteTeam "Chessable White Rose 1"]
[BlackTeam "Chessable White Rose 2"]

1. e4 Nc6 2. Nf3 e5 3. Bb5 a6 4. Ba4 Nf6 5. O-O Nxe4 6. Nxe5 Nxe5 7. d4 Nc6 8.
Re1 d5 9. f3 b5 10. Bb3 Be7 11. fxe4 dxe4 12. Rxe4 O-O 13. c3 Bf5 14. Re1 Bd6
15. Qh5 Bg6 16. Qg5 Re8 17. Qxd8 Raxd8 18. Be3 Bf4 19. Kf2 Bxe3+ 20. Rxe3 Rxe3
21. Kxe3 Re8+ 22. Kf2 Bh5 23. Kf1 Be2+ 24. Kf2 Bh5 25. Kf1 Be2+ 26. Kg1 Bd3 27.
Nd2 Re2 28. Rd1 Na5 29. Nf3 Be4 30. d5 Nxb3 31. axb3 Rxb2 32. d6 cxd6 33. Rxd6
Kf8 34. b4 Bxf3 35. gxf3 Rc2 36. Rxa6 Rxc3 37. Rb6 Rxf3 38. Rxb5 Ke7 39. Kg2
Rb3 40. Rb7+ Ke6 41. Rb6+ Kf5 42. Rb7 Kg6 43. b5 h5 44. h4 f6 45. Kh2 Kh6 46.
Rb6 Kg6 47. Rb7 Kf5 48. Rxg7 Rxb5 49. Ra7 Rb4 50. Kg3 Rb3+ 51. Kg2 Rb4 52. Kg3
Rg4+ 53. Kh3 Kg6 54. Ra5 Re4 55. Kg3 Re3+ 56. Kg2 Re5 57. Ra6 Kf5 58. Kf3 Rb5
59. Ra8 Rb3+ 60. Kg2 Re3 61. Ra6 Re6 62. Ra5+ Re5 63. Ra6 1/2-1/2

[Event "4NCL Division One"]
[Site "Daventry, ENG"]
[Date "2022.10.22"]
[Round "1.46"]
[White "Wills, Tom"]
[Black "Adair, James R"]
[Result "0-1"]
[WhiteElo "2043"]
[BlackElo "2449"]
[PlyCount "100"]
[EventDate "2022.10.22"]
[WhiteTeam "Chessable White Rose 2"]
[BlackTeam "Chessable White Rose 1"]

1. e4 c5 2. Nf3 d6 3. d4 cxd4 4. Nxd4 Nf6 5. Nc3 a6 6. Bg5 Nbd7 7. Bc4 Qb6 8.
Bb3 e6 9. Bxf6 Nxf6 10. Qd2 Nd7 11. O-O-O Nc5 12. f4 Bd7 13. f5 Be7 14. Kb1 Bf6
15. g4 h6 16. h4 O-O-O 17. g5 Nxb3 18. Nxb3 Be5 19. g6 fxg6 20. fxe6 Bxe6 21.
Nd5 Bxd5 22. Qxd5 g5 23. Rd3 gxh4 24. Rxh4 Rhf8 25. a3 Rf1+ 26. Ka2 Rf2 27. Nd4
Bxd4 28. Rxd4 Rxc2 29. Rb4 Qc6 30. Qb3 Rc5 31. Rb6 Qc7 32. Rf4 d5 33. e5 Rc6
34. Rbb4 Kb8 35. Rfd4 Rc5 36. Rb6 Rc6 37. Rbb4 Qf7 38. Rf4 Qe7 39. Rfd4 Qf7 40.
Rf4 Qd7 41. Rfd4 Ka8 42. Rf4 Re6 43. Rf5 g6 44. Rf6 Rxf6 45. exf6 Qf7 46. Kb1
g5 47. Qf3 Rd6 48. Qf5 Rxf6 49. Qc8+ Ka7 50. Qc5+ Kb8 0-1

[Event "4NCL Division One"]
[Site "Daventry, ENG"]
[Date "2022.10.22"]
[Round "1.47"]
[White "Ashton, Adam G"]
[Black "Burnett, Jim"]
[Result "1-0"]
[WhiteElo "2357"]
[BlackElo "2084"]
[PlyCount "89"]
[EventDate "2022.10.22"]
[WhiteTeam "Chessable White Rose 1"]
[BlackTeam "Chessable White Rose 2"]

1. Nf3 d5 2. g3 Nf6 3. Bg2 c6 4. O-O Bf5 5. c4 e6 6. cxd5 exd5 7. d3 Be7 8. Nc3
O-O 9. Nd4 Bc8 10. e4 dxe4 11. dxe4 Bc5 12. Nb3 Qxd1 13. Rxd1 Bb6 14. h3 Nbd7
15. Bf4 Nc5 16. Nxc5 Bxc5 17. a3 a5 18. Na4 Ba7 19. Rac1 Be6 20. Nc5 Bxc5 21.
Rxc5 a4 22. Rc3 Rfd8 23. Rcd3 Rxd3 24. Rxd3 Kf8 25. Be5 Nd7 26. Bd6+ Ke8 27. f4
f6 28. Rd4 Ra6 29. Bf1 b5 30. Bb4 Nb6 31. Rd6 Bd7 32. e5 fxe5 33. fxe5 Nc8 34.
Rd4 Ne7 35. Bd3 Bxh3 36. Bxh7 Be6 37. Rd6 Bd5 38. e6 Ra7 39. Bd3 g6 40. Bc5 Rb7
41. g4 Bf3 42. g5 Bd5 43. Bd4 b4 44. Bf6 bxa3 45. Bxg6+ 1-0

[Event "4NCL Division One"]
[Site "Daventry, ENG"]
[Date "2022.10.22"]
[Round "1.48"]
[White "Edwards-Wright, Miles D"]
[Black "Sucikova, Svetlana"]
[Result "0-1"]
[WhiteElo "2038"]
[BlackElo "2217"]
[PlyCount "73"]
[EventDate "2022.10.22"]
[WhiteTeam "Chessable White Rose 2"]
[BlackTeam "Chessable White Rose 1"]

1. Nf3 d5 2. e3 Nf6 3. b3 g6 4. Bb2 Bg7 5. c4 O-O 6. cxd5 Nbd7 7. d4 Nb6 8. Bd3
Nfxd5 9. O-O c5 10. Nbd2 Nb4 11. Nc4 Bg4 12. Be2 Nxc4 13. bxc4 Qc7 14. Qd2 e6
15. Rfd1 Rfd8 16. a3 Nc6 17. d5 Bxb2 18. Qxb2 Na5 19. Qc3 b6 20. h3 Bxf3 21.
Bxf3 exd5 22. Rxd5 Rxd5 23. cxd5 Re8 24. Rd1 Nb7 25. e4 Qe5 26. Qe3 Nd6 27. Re1
c4 28. g4 c3 29. Bg2 c2 30. f4 Qxd5 31. e5 Nc4 32. Qc1 Qd4+ 33. Kh2 Qd2 34.
Qxd2 Nxd2 35. Rc1 Rc8 36. Bd5 Rc5 37. Ba2 0-1

[Event "4NCL Division One"]
[Site "Daventry, ENG"]
[Date "2022.10.22"]
[Round "1.51"]
[White "Reimanis, Ritvars"]
[Black "Rudd, Jack"]
[Result "1-0"]
[WhiteElo "2504"]
[BlackElo "2324"]
[PlyCount "93"]
[EventDate "2022.10.22"]
[WhiteTeam "Celtic Tigers 1"]
[BlackTeam "West is Best 1"]

1. d4 d5 2. Nf3 e6 3. Bf4 Bd6 4. Bg3 Nf6 5. e3 c5 6. c3 Nc6 7. Nbd2 Bxg3 8.
hxg3 Qd6 9. Qa4 cxd4 10. exd4 Bd7 11. Qc2 a6 12. a3 b5 13. Bd3 Rb8 14. Nb3 a5
15. Qe2 b4 16. cxb4 axb4 17. a4 O-O 18. g4 g6 19. Ne5 Rfc8 20. g5 Nh5 21. Rxh5
gxh5 22. f4 Nxe5 23. fxe5 Qf8 24. Qxh5 Qg7 25. Kf2 Be8 26. Qh4 Rc4 27. Qf4 Rbc8
28. a5 Bc6 29. Rh1 Bb5 30. Rxh7 Rc2+ 31. Ke3 Re2+ 32. Bxe2 Qxh7 33. Bxb5 Qc2
34. Nd2 Qxb2 35. g6 Rc7 36. Qh6 Qc3+ 37. Bd3 fxg6 38. Qxg6+ Kf8 39. Qxe6 b3 40.
Qd6+ Kg7 41. Qxd5 b2 42. Ke2 Rf7 43. Qe4 Kh8 44. e6 Rf2+ 45. Kxf2 Qxd2+ 46. Kf3
Qd1+ 47. Kg3 1-0

[Event "4NCL Division One"]
[Site "Daventry, ENG"]
[Date "2022.10.22"]
[Round "1.52"]
[White "Jones, Steven A"]
[Black "Gallana, Marco"]
[Result "1-0"]
[WhiteElo "2139"]
[BlackElo "2265"]
[PlyCount "63"]
[EventDate "2022.10.22"]
[WhiteTeam "West is Best 1"]
[BlackTeam "Celtic Tigers 1"]

1. e4 c5 2. Nf3 d6 3. d4 cxd4 4. Nxd4 Nf6 5. Nc3 Nc6 6. Bg5 Bd7 7. Bxf6 gxf6 8.
Nf5 Qa5 9. Bb5 a6 10. Bxc6 bxc6 11. Qd3 Rd8 12. O-O Bc8 13. b4 Qxb4 14. Rab1
Qa5 15. Rb8 e6 16. Nd4 c5 17. Nde2 h5 18. Rfb1 Be7 19. h4 Bd7 20. Nf4 Rg8 21.
e5 Bc6 22. exd6 Bf8 23. Ne4 Bg7 24. Nxh5 Kf8 25. d7 Bd5 26. c4 f5 27. Ng5 Rh8
28. Nxg7 Kxg7 29. Rxd8 Qxd8 30. cxd5 Rxh4 31. dxe6 Qh8 32. Nh3 1-0

[Event "4NCL Division One"]
[Site "Daventry, ENG"]
[Date "2022.10.22"]
[Round "1.53"]
[White "Pein, Jonathan"]
[Black "Cooper, John G"]
[Result "1/2-1/2"]
[WhiteElo "2236"]
[BlackElo "2235"]
[PlyCount "81"]
[EventDate "2022.10.22"]
[WhiteTeam "Celtic Tigers 1"]
[BlackTeam "West is Best 1"]

1. e4 c5 2. g3 e6 3. Bg2 d5 4. exd5 exd5 5. d4 cxd4 6. Ne2 Nc6 7. Nxd4 Bc5 8.
Nb3 Qe7+ 9. Qe2 Bb6 10. Nc3 Nb4 11. O-O Qxe2 12. Nxe2 Nxc2 13. Rb1 Nf6 14. Nf4
O-O 15. Nxd5 Nxd5 16. Bxd5 Nb4 17. Bg2 Bf5 18. Ra1 Nc2 19. Rb1 a5 20. Bf4 a4
21. Nd2 Bd3 22. Bxb7 Ra7 23. Be4 Bxf1 24. Kxf1 Nd4 25. Be3 Rd7 26. Rc1 Ne6 27.
Bxb6 Rxd2 28. Rb1 Rb8 29. Ke1 Rd6 30. Be3 Rb4 31. Bc2 Nd4 32. Bd1 Rd8 33. Bd2
Rc4 34. b3 Nc2+ 35. Ke2 Re4+ 36. Kf3 Red4 37. Bxc2 Rxd2 38. Rc1 a3 39. b4 g6
40. Bb3 R8d3+ 41. Ke4 1/2-1/2

[Event "4NCL Division One"]
[Site "Daventry, ENG"]
[Date "2022.10.22"]
[Round "1.54"]
[White "Redmond, John P."]
[Black "Zulfic, Fedja"]
[Result "1/2-1/2"]
[WhiteElo "2201"]
[BlackElo "2157"]
[PlyCount "22"]
[EventDate "2022.10.22"]
[WhiteTeam "West is Best 1"]
[BlackTeam "Celtic Tigers 1"]

1. Nf3 Nf6 2. c4 g6 3. Nc3 d5 4. cxd5 Nxd5 5. Qa4+ Nc6 6. Ne5 Qd6 7. Nxc6 Qxc6
8. Qxc6+ bxc6 9. g3 Bg7 10. Bg2 Be6 11. O-O Rb8 1/2-1/2

[Event "4NCL Division One"]
[Site "Daventry, ENG"]
[Date "2022.10.22"]
[Round "1.55"]
[White "Maciol, Ryszard"]
[Black "Blackburn, Jonathan L B"]
[Result "1/2-1/2"]
[WhiteElo "2119"]
[BlackElo "2159"]
[PlyCount "60"]
[EventDate "2022.10.22"]
[WhiteTeam "Celtic Tigers 1"]
[BlackTeam "West is Best 1"]

1. d4 Nf6 2. c4 e6 3. Nc3 Bb4 4. e3 d5 5. a3 Bxc3+ 6. bxc3 O-O 7. cxd5 exd5 8.
Bd3 c5 9. Ne2 b6 10. O-O Ba6 11. Ng3 Bxd3 12. Qxd3 Nc6 13. e4 dxe4 14. Nxe4
Nxe4 15. Qxe4 Na5 16. Bf4 Re8 17. Qf3 cxd4 18. Rfd1 d3 19. Rxd3 Qf6 20. Rd6 Qe7
21. h3 Nc4 22. Rd4 Rac8 23. a4 Ne5 24. Bxe5 Qxe5 25. a5 bxa5 26. Rd5 Qxc3 27.
Qxc3 Rxc3 28. Rdxa5 Rc7 29. Rxa7 Rxa7 30. Rxa7 g6 1/2-1/2

[Event "4NCL Division One"]
[Site "Daventry, ENG"]
[Date "2022.10.22"]
[Round "1.56"]
[White "Kett, Tim"]
[Black "Duessler, Stefanie"]
[Result "1/2-1/2"]
[WhiteElo "2191"]
[BlackElo "2093"]
[PlyCount "102"]
[EventDate "2022.10.22"]
[WhiteTeam "West is Best 1"]
[BlackTeam "Celtic Tigers 1"]

1. e4 c5 2. Nf3 e6 3. d4 cxd4 4. Nxd4 Nc6 5. Nc3 Qc7 6. f4 a6 7. Nxc6 bxc6 8.
Bd3 d5 9. O-O Nf6 10. b3 Be7 11. Bb2 c5 12. Qe2 c4 13. exd5 cxd3 14. Qxd3 exd5
15. Nxd5 Qc5+ 16. Ne3 O-O 17. Bd4 Qc6 18. Rf3 Ne4 19. f5 Bb7 20. c4 Bc5 21. Nd5
Bxd4+ 22. Qxd4 Qc5 23. Qxc5 Nxc5 24. Rd1 Rfd8 25. f6 Bxd5 26. cxd5 Rd6 27. fxg7
Rad8 28. b4 Nd7 29. a4 Ne5 30. Rb3 Rxd5 31. Rxd5 Rxd5 32. b5 axb5 33. Rxb5 Rxb5
34. axb5 Nd7 35. Kf2 Kxg7 36. Ke3 Kf6 37. Kd4 Ke6 38. g4 Kd6 39. Ke4 Ke6 40. h4
Nf6+ 41. Kf4 Kd5 42. g5 Nh5+ 43. Kf5 Kc5 44. Ke5 Kxb5 45. Kd6 f5 46. gxf6 Nxf6
47. Ke6 Nh5 48. Kf5 Kc5 49. Kg5 Ng3 50. Kh6 Nf5+ 51. Kxh7 Nxh4 1/2-1/2

[Event "4NCL Division One"]
[Site "Daventry, ENG"]
[Date "2022.10.22"]
[Round "1.57"]
[White "Quinn, John M"]
[Black "Macfarlane, Donald"]
[Result "1/2-1/2"]
[WhiteElo "2122"]
[BlackElo "2117"]
[PlyCount "56"]
[EventDate "2022.10.22"]
[WhiteTeam "Celtic Tigers 1"]
[BlackTeam "West is Best 1"]

1. d4 Nf6 2. c4 e6 3. Nc3 Bb4 4. Qc2 O-O 5. a3 Bxc3+ 6. Qxc3 b6 7. Bg5 Bb7 8.
e3 d6 9. Nf3 h6 10. Bh4 Nbd7 11. Be2 g5 12. Bg3 Ne4 13. Qc2 f5 14. h4 g4 15.
Nd2 Nxg3 16. fxg3 Bxg2 17. Rh2 Bb7 18. Bxg4 Nf6 19. Bf3 Bxf3 20. Nxf3 Qe8 21.
O-O-O Qh5 22. Rf1 Rf7 23. Rg2 Ng4 24. Qe2 Qg6 25. Nh2 Nxh2 26. Rxh2 Rg7 27. Rg2
Rf8 28. Qf3 Qg4 1/2-1/2

[Event "4NCL Division One"]
[Site "Daventry, ENG"]
[Date "2022.10.22"]
[Round "1.58"]
[White "O'Gorman, Alice"]
[Black "Kelmendi, Bajrush"]
[Result "1-0"]
[WhiteElo "2001"]
[BlackElo "2051"]
[PlyCount "43"]
[EventDate "2022.10.22"]
[WhiteTeam "West is Best 1"]
[BlackTeam "Celtic Tigers 1"]

1. e4 g6 2. d4 Bg7 3. Nc3 b6 4. Be3 Bb7 5. Qd2 h6 6. O-O-O e6 7. Nf3 Ne7 8. d5
exd5 9. exd5 Nf5 10. Bf4 g5 11. Re1+ Kf8 12. Be5 Bxe5 13. Rxe5 Nd6 14. h4 Ba6
15. Bxa6 Nxa6 16. hxg5 Nc4 17. Qf4 Nxe5 18. Nxe5 f6 19. Ng6+ Kg7 20. Nxh8 Qe7
21. Rxh6 fxg5 22. Rg6+ 1-0

[Event "4NCL Division One"]
[Site "Daventry, ENG"]
[Date "2022.10.22"]
[Round "1.61"]
[White "Speelman, Jon S"]
[Black "Royal, Shreyas"]
[Result "1-0"]
[WhiteElo "2493"]
[BlackElo "2431"]
[PlyCount "105"]
[EventDate "2022.10.22"]
[WhiteTeam "Wood Green"]
[BlackTeam "Wood Green Youth"]

1. Nf3 d5 2. g3 Bg4 3. Bg2 c6 4. O-O Nd7 5. d4 Ngf6 6. Nbd2 e6 7. Re1 Be7 8. e4
O-O 9. c3 Bh5 10. h3 dxe4 11. Nxe4 Nxe4 12. Rxe4 Bd6 13. Qb3 Qc7 14. Bf4 Bxf4
15. Rxf4 Bxf3 16. Rxf3 c5 17. Rf4 Rab8 18. Rd1 b5 19. Qc2 Nf6 20. dxc5 Qxc5 21.
Qd2 a5 22. a3 Rfc8 23. Rd4 h6 24. Qe3 Qc7 25. Bf3 Rd8 26. Qf4 Qb6 27. Qe5 Rxd4
28. Rxd4 Rc8 29. Rd6 Qc7 30. Qd4 Rb8 31. Rc6 Qe7 32. Qe5 Qe8 33. Ra6 Qd8 34.
Kg2 a4 35. h4 Qc8 36. Rc6 Qe8 37. Rd6 Rc8 38. g4 Qe7 39. Ra6 h5 40. g5 Ng4 41.
Qxb5 Qc7 42. Bxg4 hxg4 43. g6 Qf4 44. Qb7 Rf8 45. Ra7 e5 46. gxf7+ Kh7 47. Qd5
g6 48. Re7 Qf6 49. Qxe5 Qf3+ 50. Kg1 Rxf7 51. Rxf7+ Qxf7 52. Qe4 Qd7 53. h5 1-0

[Event "4NCL Division One"]
[Site "Daventry, ENG"]
[Date "2022.10.22"]
[Round "1.62"]
[White "Derakhshani, Borna"]
[Black "Harvey, Marcus R"]
[Result "1/2-1/2"]
[WhiteElo "2386"]
[BlackElo "2463"]
[PlyCount "124"]
[EventDate "2022.10.22"]
[WhiteTeam "Wood Green Youth"]
[BlackTeam "Wood Green"]

1. e4 e6 2. d4 d5 3. Nc3 Nf6 4. e5 Nfd7 5. f4 c5 6. Nf3 Qb6 7. Ne2 cxd4 8.
Nexd4 Nc6 9. c3 Nxd4 10. cxd4 Nb8 11. Be2 Nc6 12. O-O Be7 13. Rf2 Bd7 14. Be3
Rc8 15. Bd3 Nb4 16. Bb1 g6 17. g4 h5 18. Ng5 Nc6 19. gxh5 gxh5 20. h4 f5 21.
Rg2 Bxg5 22. hxg5 Ne7 23. a4 Ng6 24. Bd3 h4 25. Be2 Kf7 26. Rh2 Kg7 27. Qd2 Rc7
28. a5 Qb3 29. Bd1 Qc4 30. Rc1 Qxc1 31. Qxc1 Rxc1 32. Bxc1 Ne7 33. Bd2 Bb5 34.
Rh3 Nc6 35. Bc3 b6 36. axb6 axb6 37. Kf2 Ne7 38. Ke3 Bf1 39. Rh2 h3 40. Kf2 Bg2
41. Bf3 Bxf3 42. Kxf3 Ng6 43. Kg3 Rh4 44. Bd2 Rg4+ 45. Kf3 Rg1 46. Rxh3 Rb1 47.
Ke2 Rxb2 48. Kd1 Rb1+ 49. Ke2 Rb2 50. Kd1 Rb1+ 51. Ke2 b5 52. Ra3 b4 53. Ra7+
Kg8 54. Ra8+ Kf7 55. Ra7+ Ke8 56. Ra8+ Kd7 57. Ra7+ Kd8 58. Kd3 b3 59. Kc3 b2
60. Rb7 Ke8 61. Rxb2 Rxb2 62. Kxb2 Kd7 1/2-1/2

[Event "4NCL Division One"]
[Site "Daventry, ENG"]
[Date "2022.10.22"]
[Round "1.63"]
[White "Wadsworth, Matthew J"]
[Black "Willow, Jonah B"]
[Result "1-0"]
[WhiteElo "2467"]
[BlackElo "2395"]
[PlyCount "97"]
[EventDate "2022.10.22"]
[WhiteTeam "Wood Green"]
[BlackTeam "Wood Green Youth"]

1. c4 e5 2. Nc3 Nf6 3. Nf3 Nc6 4. e4 Bb4 5. d3 d6 6. a3 Bc5 7. b4 Bb6 8. Na4
Bg4 9. Nxb6 axb6 10. Bb2 Nd4 11. Bxd4 exd4 12. Be2 Bxf3 13. Bxf3 Ra7 14. O-O
O-O 15. Qb3 Nd7 16. Bg4 Ne5 17. Bh3 Qh4 18. Qd1 Qf4 19. a4 Rfa8 20. Ra3 Nc6 21.
b5 Ne5 22. g3 Qf3 23. Qxf3 Nxf3+ 24. Kg2 Ne5 25. f4 Ng6 26. Rfa1 Kf8 27. Kf3
Ke7 28. Bf5 Nh8 29. e5 dxe5 30. fxe5 f6 31. Ke4 Nf7 32. Kxd4 Nxe5 33. Kc3 g6
34. Be4 f5 35. Bg2 Kd6 36. d4 Ng4 37. Kb4 c5+ 38. dxc5+ bxc5+ 39. Kc3 Re8 40.
a5 Re3+ 41. Kd2 Rxa3 42. Rxa3 Ne5 43. Kc3 b6 44. a6 Kc7 45. Ra1 Kb8 46. Bb7 Nf7
47. Rd1 Kc7 48. Re1 Kd8 49. Re6 1-0

[Event "4NCL Division One"]
[Site "Daventry, ENG"]
[Date "2022.10.22"]
[Round "1.64"]
[White "Stoyanov, Viktor"]
[Black "Fitzsimons, David"]
[Result "0-1"]
[WhiteElo "2256"]
[BlackElo "2397"]
[PlyCount "104"]
[EventDate "2022.10.22"]
[WhiteTeam "Wood Green Youth"]
[BlackTeam "Wood Green"]

1. Nf3 Nf6 2. c4 g6 3. Nc3 Bg7 4. d4 O-O 5. g3 d6 6. Bg2 Nbd7 7. O-O e5 8. e4
Re8 9. h3 b6 10. d5 Nc5 11. Ne1 a5 12. Be3 Nfd7 13. Qc2 Rf8 14. Nd3 Nxd3 15.
Qxd3 f5 16. exf5 gxf5 17. f4 e4 18. Qd2 Nc5 19. Bd4 Bd7 20. Bxg7 Kxg7 21. Qd4+
Qf6 22. Rad1 Qxd4+ 23. Rxd4 Kf6 24. g4 fxg4 25. hxg4 Bxg4 26. Nxe4+ Nxe4 27.
Bxe4 Bf5 28. Kf2 Rf7 29. Rg1 Re7 30. Bxf5 Kxf5 31. Kf3 Rae8 32. Rg5+ Kf6 33.
Rh5 Re3+ 34. Kg4 Rg8+ 35. Rg5 Rg6 36. Rxg6+ hxg6 37. b3 Re2 38. Rd1 Rg2+ 39.
Kf3 Rxa2 40. Rh1 a4 41. bxa4 Rxa4 42. Rc1 Kf5 43. Rc3 Ra1 44. Ke2 Kxf4 45. Rf3+
Ke4 46. Rf7 Ra2+ 47. Ke1 Ra7 48. Kd2 Kd4 49. Rf4+ Kc5 50. Kc3 Ra4 51. Kb3 Rb4+
52. Kc3 b5 0-1

[Event "4NCL Division One"]
[Site "Daventry, ENG"]
[Date "2022.10.22"]
[Round "1.65"]
[White "Greet, Andrew N"]
[Black "Yao, Lan"]
[Result "1-0"]
[WhiteElo "2423"]
[BlackElo "2274"]
[PlyCount "150"]
[EventDate "2022.10.22"]
[WhiteTeam "Wood Green"]
[BlackTeam "Wood Green Youth"]

1. d4 Nf6 2. c4 e6 3. g3 d5 4. Nf3 dxc4 5. Qa4+ Nbd7 6. Qxc4 a6 7. Bf4 b5 8.
Qxc7 Qxc7 9. Bxc7 Bb7 10. Ba5 Rc8 11. Nbd2 Nd5 12. Bg2 Rc2 13. Rb1 Bb4 14. Bxb4
Nxb4 15. a3 Nd5 16. Kd1 Rc8 17. e3 Ke7 18. Ke2 N5b6 19. Rhc1 Na4 20. Rxc8 Rxc8
21. Kd3 f5 22. Ne1 Bxg2 23. Nxg2 e5 24. Nb3 exd4 25. exd4 Kd6 26. Ne3 g6 27.
Na5 Nf6 28. b3 Rc3+ 29. Ke2 Nb6 30. Nb7+ Kc6 31. Nc5 Ne4 32. Nxa6 Nd5 33. Nb4+
Nxb4 34. axb4 Kd6 35. f3 Ng5 36. d5 f4 37. gxf4 Nh3 38. Kd2 Rc7 39. f5 gxf5 40.
Ra1 Nf4 41. Ra8 Rd7 42. Rf8 Nxd5 43. Nxd5 Kxd5 44. Ke3 Ke5 45. f4+ Ke6 46. Rb8
Rd5 47. Rb7 h5 48. Rh7 Rd1 49. Rxh5 Re1+ 50. Kd4 Re4+ 51. Kc5 Rxf4 52. Kxb5 Re4
53. Rh8 f4 54. Kc5 Re3 55. b5 Rxb3 56. b6 Kd7 57. Rf8 f3 58. h4 Ke7 59. Rf4 Kd7
60. h5 Rc3+ 61. Kb5 Rb3+ 62. Ka6 Kc6 63. Rf6+ Kc5 64. Kb7 Rd3 65. Kc7 Re3 66.
b7 Re7+ 67. Kc8 Re8+ 68. Kd7 Rh8 69. Rxf3 Rh7+ 70. Kc8 Rh8+ 71. Kc7 Rh7+ 72.
Kb8 Rxh5 73. Ka8 Kc6 74. b8=Q Ra5+ 75. Qa7 Kd5 1-0

[Event "4NCL Division One"]
[Site "Daventry, ENG"]
[Date "2022.10.22"]
[Round "1.66"]
[White "Horton, Jamie A"]
[Black "McDonald, Neil"]
[Result "1/2-1/2"]
[WhiteElo "2249"]
[BlackElo "2410"]
[PlyCount "138"]
[EventDate "2022.10.22"]
[WhiteTeam "Wood Green Youth"]
[BlackTeam "Wood Green"]

1. d4 e6 2. c4 f5 3. Nf3 Nf6 4. e3 c6 5. Be2 d5 6. O-O Bd6 7. b3 Qe7 8. Bb2 O-O
9. Qc2 b6 10. Nbd2 Bb7 11. Ne5 Nbd7 12. Ndf3 c5 13. Rad1 Rac8 14. Qb1 Rfd8 15.
Qa1 Ne4 16. Nxd7 Rxd7 17. Rfe1 cxd4 18. Bxd4 Bb4 19. Rf1 Ba6 20. Rc1 Rdc7 21.
Be5 Bd6 22. Rfd1 dxc4 23. bxc4 Bxc4 24. Bxc4 Rxc4 25. Rxc4 Rxc4 26. h4 Bb4 27.
h5 h6 28. Qb1 Rc8 29. Qb3 Kh7 30. Nd4 Bc3 31. f3 Bxd4 32. Bxd4 Ng3 33. Be5 Nxh5
34. Qb2 Rd8 35. Rc1 Rd7 36. a4 Qg5 37. Qc3 Rd5 38. Re1 Qh4 39. Ra1 Rc5 40. Qb2
Qg5 41. Re1 Nf6 42. Bb8 Nd5 43. Qd2 Qh4 44. e4 Rc2 45. g3 Rxd2 46. gxh4 Nc3 47.
exf5 exf5 48. Re7 Kg6 49. Be5 Nxa4 50. Rxa7 Nc5 51. Rxg7+ Kh5 52. Rf7 Nd7 53.
Bf4 Rd1+ 54. Kg2 Kg6 55. Re7 Nc5 56. h5+ Kf6 57. Rc7 Ne6 58. Rc6 b5 59. Bxh6 b4
60. Rb6 Rd4 61. Be3 Rh4 62. h6 Ke5 63. h7 Rxh7 64. Rxb4 Rc7 65. Rb5+ Kf6 66.
Rb6 Kf7 67. Rb4 Kf6 68. Rb6 Kf7 69. Rb4 Kf6 1/2-1/2

[Event "4NCL Division One"]
[Site "Daventry, ENG"]
[Date "2022.10.22"]
[Round "1.67"]
[White "Toma, Katarzyna"]
[Black "Kalaiyalahan, Akshaya"]
[Result "1/2-1/2"]
[WhiteElo "2390"]
[BlackElo "2205"]
[PlyCount "97"]
[EventDate "2022.10.22"]
[WhiteTeam "Wood Green"]
[BlackTeam "Wood Green Youth"]

1. e4 c5 2. Nf3 Nc6 3. d4 cxd4 4. Nxd4 g6 5. c4 Nf6 6. Nc3 d6 7. Be2 Nxd4 8.
Qxd4 Bg7 9. Be3 O-O 10. Qd2 a5 11. Rc1 a4 12. O-O Qa5 13. Rfd1 Be6 14. f3 Rfc8
15. Nb5 Qxd2 16. Rxd2 Nd7 17. Nd4 Nc5 18. Bd1 Bd7 19. Kf2 f5 20. exf5 gxf5 21.
g3 b5 22. b3 axb3 23. Nxb3 Nxb3 24. Bxb3 bxc4 25. Rxc4 Rxc4 26. Bxc4+ Kf8 27.
Bb3 Ke8 28. Bd4 Bh6 29. Be3 Bg7 30. f4 Ba4 31. Bg8 h6 32. Bd4 Bxd4+ 33. Rxd4
Kd7 34. Bd5 Bc6 35. Bb3 Ra5 36. Rb4 Kc7 37. Ke3 Bd5 38. Bxd5 Rxd5 39. Rc4+ Kb7
40. Rc2 Ra5 41. Kd4 e5+ 42. fxe5 dxe5+ 43. Kc4 Kb6 44. Rf2 f4 45. gxf4 exf4 46.
Kd4 Ra4+ 47. Ke5 Kc7 48. Kf5 Kd7 49. Rxf4 1/2-1/2